Responses for show #4270 - Friday, March 7, 2003

Max Levaren game 3.

(Jimmy: You know, Grace, it's getting harder and harder to tell the difference between robots and humans.)
(Grace: It sure is, Jimmy; stay tuned for a robot's view on Jeopardy!)

Contestants

Ben Dufour, a credit specialist from Old Orchard Beach, Maine

Joanne Daley, a public defender from New York City, New York

Max Levaren, a personal success coach from San Diego, California (whose 2-day cash winnings total $31,400)

Jeopardy! Round responses

THOSE FUNNY EUROPEANS
(Alex: And aren't they just!)
THE PHONE
"C"OMEDIANS
WHEW! IT'S HOT!
(Alex: We want you to name the state whose all-time temperature we give you.)
CURTAINS
ENGLISH LESSON
    $200 21
vacation

Max
    $200 16
Cingular

Max
    $200 1
Tommy Chong

Ben
    $200 11
Alaska

Max
    $200 26
The Wizard of Oz

Max
    $200 6
capital letters

Joanne
    $400 22
bicycles

Triple Stumper
    $400 17
the 411

Joanne
    $400 2
George Carlin

Ben
    $400 12
Nevada

Joanne
    $400 27
(Ben: What is a lawsuit?)

shower curtain

MaxBen
    $400 7
(Joanne: What is an exposition?)

plot

MaxJoanne
    $600 23
(Ben: What are Turkish baths?)

saunas

MaxBen
    $600 18
AOL

Joanne
    $600 3
Art Carney

Max
    $600 13
(Joanne: What is Hawaii?)

Iowa

Joanne
Triple Stumper
    $600 28
[buzzer sounds to end the round]

Bamboo Curtain

Max
    $600 8
(Ben: What is Rex?)

sic

MaxBen
    $800 24
(Alex: With less than a minute to go.)

naval battles

Max
    $800 19
(Max: What is COMSAT?)

Telstar

Max
Triple Stumper
    $800 4
Jane Curtin

Ben
    $800 14
Maryland

Max
    $800 9
iambic pentameter

Triple Stumper
    $1000 25
Juan Carlos

Max
    $1,000 20
(Joanne: What is Italy?)

Sri Lanka

Joanne
    $1000 5
Wally Cox

Max
    $1000 15
Oregon

Triple Stumper
    $1000 10
independent clauses

Max

Scores at the first commercial break (after clue 15):

Max Joanne Ben
$4,600 -$400 $800

Scores at the end of the Jeopardy! Round:

Max Joanne Ben
$7,800 -$400 -$200

Double Jeopardy! Round responses

LITERARY HEROINES
JAZZ TUNES
ROBOTICS
(Alex: As promised in the intro to our show.)
COMING UP ROSES
IT'S TYLER TIME!
"BU" WHO
    $400 2
Troy

Max
    $400 5
search-and-rescue

Triple Stumper
    $400 12
Bing Crosbys

Triple Stumper
    $400 15
Virginia

Triple Stumper
    $400 1
Edgar Rice Burroughs

Max
    $800 3
(Joanne: What are "The Bridges of Madison County?")

"The Accidental Tourist"

Joanne
Triple Stumper
    $800 26
(Max: What is "I'm In The Mood For Love"?)
[The end-of-round signal sounds.]

"Body And Soul"

Max
Triple Stumper
    $800 16
Japan

Joanne
    $800 13
Dolly Parton

Joanne
    $2,000 17
"Hail to the Chief"

Joanne
    $800 6
Gary Busey

Joanne
    $1200 4
Viola

Ben
    $1200 25
(Ben: What is "In the Mood?")

"Mood Indigo"

MaxBen
    $1200 14
Tigris & Euphrates

Ben
    $1200 18
(Joanne: Who is Tippecanoe?)
(Max: Who is Andrew Jackson?)
....
(Alex: Joanne, you just ran out of time.)

William Henry Harrison

MaxJoanne
Triple Stumper
    $1200 7
(Ben: Who is Buford?)

Ambrose Burnside

Ben
Triple Stumper
    $1600 10
Sister Carrie

Triple Stumper
    $1600 24
"My Favorite Things"

Max
    $1600 21
Playboy rose

Triple Stumper
    $1600 19
children (by 2 wives)

Triple Stumper
    $1600 8
Genevieve Bujold

Max
    $2000 11
Nora

Max
    $2000 23
the Savoy

Max
    $2000 22
Iceberg rose

Triple Stumper
    $2000 20
(Max: Who is de Tocqueville?)
....
(Alex: Minute to go now.)

Charles Dickens

Max
Triple Stumper
    $2000 9
Buonarroti

Max

Scores at the end of the Double Jeopardy! Round:

Max Joanne Ben
$15,000 $2,000 -$200
(lock game)

[wagering suggestions for these scores]

Final Jeopardy! Round responses

SUMMER OLYMPIC VENUES
(Alex: No Canadian won a gold medal at those Olympic games.)
JoanneWhat is Mexico City?
$2,000
MaxWhat is Mexico City?
$0
Montreal (1976)

Final scores:

Max Joanne Ben
$15,000 $0 -$200
3-day champion: $46,400 2nd place: $2,000 3rd place: $1,000

Game dynamics:

Coryat scores:

Max Joanne Ben
$15,000 $1,800 -$200
23 R,
4 W
8 R
(including 1 DD),
5 W
(including 1 DD)
5 R,
5 W

Combined Coryat: $16,600

The J! Archive is created by fans, for fans. The Jeopardy! game show and all elements thereof, including but not limited to copyright and trademark thereto, are the property of Jeopardy Productions, Inc. and are protected under law. This website is not affiliated with, sponsored by, or operated by Jeopardy Productions, Inc. Join the discussion at JBoard.tv.